000 00900nam a2200277 i 4500
001 12931
003 KOSZ 005
005 20200630132827.0
008 070712s1970 pl a f 000 0 pol
015 _aPB 1970/7093
040 _aWA N
_cWA N
_dKOSZ 005/RW
080 _a531
100 1 _aLeyko, Jerzy
_d(1918-1995)
_eAutor
245 1 0 _aMechanika ogólna.
_nT. 1,
_pStatyka i kinematyka /
_cJerzy Leyko.
246 3 0 _aStatyka i kinematyka.
250 _aWyd. 2 popr.
260 _aWarszawa :
_bPaństwowe Wydawnictwo Naukowe,
_c1970.
300 _a392 s. :
_bil. ;
_c25 cm.
380 _aKsiążki.
655 4 _aPodręczniki akademickie
650 4 _aStatyka
650 4 _aKinematyka
710 2 _aPaństwowe Wydawnictwo Naukowe
_4pbl.
856 _uhttp://koha.tu.koszalin.pl/cgi-bin/koha/opac-detail.pl?biblionumber=12931
_yKatalog online BPK
942 _2UKD
_cKS
999 _c12931
_d12931